[Event "Online Olym Top DivC 2021"]
[Site "chess.com INT"]
[Date "2021.09.11"]
[Round "9.2"]
[Board "2"]
[White "Santos Latasa, Jaime"]
[Black "Shevchenko, Kirill"]
[Result "1-0"]
[WhiteTitle "GM"]
[BlackTitle "GM"]
[WhiteElo "2627"]
[BlackElo "2633"]
[WhiteTeam "Spain"]
[BlackTeam "Ukraine"]
[WhiteFideId "2293307"]
[BlackFideId "14129574"]
[EventDate "2021.09.09"]
[EventType "team"]

1. d4 Nf6 2. Nf3 g6 3. c4 Bg7 4. Nc3 d6 5. e4 O-O 6. Be2 e5 7. Be3 h6 8. d5 Ng4
9. Bd2 Na6 10. h3 Nf6 11. Be3 Nh5 12. g3 f5 13. exf5 gxf5 14. Bd2 Nf6 15. Qc2 c6
16. Nh4 cxd5 17. cxd5 Nc5 18. O-O f4 19. Kh1 Bxh3 20. Ng6 Rf7 21. b4 Ng4 22.
bxc5 Qg5 23. Nh4 Qh5 24. Qg6 Qxg6 25. Nxg6 f3 26. Bd3 dxc5 27. Ne4 Bxf1 28. Rxf1
Bf6 29. Nxc5 Rd8 30. Be4 Bg5 31. Ne6 Rc8 32. Bxg5 hxg5 33. Nxg5 Rg7 34. Nxf3 Rc3
35. Kg2 Rf7 36. d6 Nf6 37. Bf5 Kg7 38. Nfxe5 Rc5 39. Nxf7 Kxf7 40. d7 Rd5 41.
Be6+ 1-0

[Event "Online Olym Top DivC 2021"]
[Site "chess.com INT"]
[Date "2021.09.11"]
[Round "9.2"]
[Board "3"]
[White "Osmak, Iulija"]
[Black "Matnadze, Ana"]
[Result "1-0"]
[WhiteTitle "IM"]
[BlackTitle "IM"]
[WhiteElo "2428"]
[BlackElo "2418"]
[WhiteTeam "Ukraine"]
[BlackTeam "Spain"]
[WhiteFideId "14101602"]
[BlackFideId "13601377"]
[EventDate "2021.09.09"]
[EventType "team"]

1. Nf3 Nf6 2. c4 e6 3. d4 d5 4. g3 Bb4+ 5. Bd2 Be7 6. Bg2 c6 7. O-O O-O 8. Qc2
b6 9. Bf4 Bb7 10. Rc1 Na6 11. a3 Rc8 12. b4 c5 13. dxc5 dxc4 14. Qxc4 bxc5 15.
b5 Nc7 16. Nc3 Ncd5 17. Rd1 Qe8 18. a4 Nxc3 19. Qxc3 Nd5 20. Qc2 f5 21. Be5 a6
22. Qb2 c4 23. bxa6 Bxa6 24. Rxd5 exd5 25. Bxg7 Rf7 26. Bc3 Rb8 27. Qd2 Rb3 28.
Ne5 Bb7 29. Nxf7 Qxf7 30. Rd1 f4 31. Qd4 Qg6 32. Bxd5+ Bxd5 33. Qxd5+ Kf8 34.
Qxc4 Qc2 35. Bg7+ 1-0

[Event "Online Olym Top DivC 2021"]
[Site "chess.com INT"]
[Date "2021.09.11"]
[Round "9.2"]
[Board "4"]
[White "Garcia Martin, Marta"]
[Black "Buksa, Nataliya"]
[Result "0-1"]
[WhiteTitle "IM"]
[BlackTitle "IM"]
[WhiteElo "2308"]
[BlackElo "2417"]
[WhiteTeam "Spain"]
[BlackTeam "Ukraine"]
[WhiteFideId "32084030"]
[BlackFideId "14123622"]
[EventDate "2021.09.09"]
[EventType "team"]

1. e4 c5 2. Nf3 Nc6 3. Bb5 g6 4. O-O Bg7 5. Re1 e5 6. Bxc6 dxc6 7. d3 Ne7 8. a4
a5 9. Nbd2 Qc7 10. Nc4 Be6 11. Be3 b6 12. Nfd2 f5 13. exf5 gxf5 14. f4 Nd5 15.
Nxe5 Bxe5 16. fxe5 O-O-O 17. Bf2 Rhg8 18. Nc4 Rg6 19. Kh1 Rdg8 20. Rg1 Nf4 21.
Bg3 Rxg3 22. hxg3 Qg7 23. Rf1 Qxg3 24. Qf3 Qh4+ 25. Kg1 Nh3+ 26. Kh2 Ng5+ 0-1

[Event "Online Olym Top DivC 2021"]
[Site "chess.com INT"]
[Date "2021.09.11"]
[Round "9.2"]
[Board "5"]
[White "Galperin, Platon"]
[Black "Henderson de La Fuente, Lance"]
[Result "0-1"]
[WhiteTitle "IM"]
[BlackTitle "GM"]
[WhiteElo "2512"]
[BlackElo "2491"]
[WhiteTeam "Ukraine"]
[BlackTeam "Spain"]
[WhiteFideId "14165414"]
[BlackFideId "32096585"]
[EventDate "2021.09.09"]
[EventType "team"]

1. d4 Nf6 2. g3 e6 3. Bg2 d5 4. c4 Bb4+ 5. Nd2 Be7 6. Ngf3 O-O 7. Qc2 c6 8. e4
b6 9. e5 Nfd7 10. h4 h6 11. g4 g6 12. Nf1 Kg7 13. Ne3 Bb7 14. Bd2 Na6 15. O-O-O
Rc8 16. Kb1 dxc4 17. Nf5+ exf5 18. gxf5 c5 19. d5 Nb4 20. Qxc4 Ba6 21. Qf4 Bd3+
22. Ka1 Nc2+ 23. Kb1 Nd4+ 24. Ka1 Nxf5 25. d6 c4 26. Bh3 Rh8 27. Rhg1 Nxd6 28.
exd6 Bf6 29. Rde1 c3 30. Bxc3 Rxc3 31. Bxd7 Rc4 32. Qd2 Be4 33. Rxe4 Rxe4 34.
Bf5 Rc4 35. d7 Rc5 36. Bc2 Rxc2 37. Qxc2 Qxd7 38. h5 Rc8 39. Qb1 g5 40. a3 Kh8
41. Qe4 Re8 42. Qc2 Qd5 43. Ne1 Qa5 44. Nd3 Qxa3+ 45. Kb1 Qd6 46. f4 Rd8 47. Rg3
a5 48. Rf3 g4 49. Rg3 a4 50. Qe2 a3 51. Qxg4 axb2 52. Qf3 Qa3 0-1

[Event "Online Olym Top DivC 2021"]
[Site "chess.com INT"]
[Date "2021.09.11"]
[Round "9.2"]
[Board "6"]
[White "Represa Perez, Mireya"]
[Black "Berdnyk, Mariia"]
[Result "0-1"]
[WhiteTitle "WFM"]
[BlackTitle "FM"]
[WhiteElo "2151"]
[BlackElo "2308"]
[WhiteTeam "Spain"]
[BlackTeam "Ukraine"]
[WhiteFideId "32010036"]
[BlackFideId "14137054"]
[EventDate "2021.09.09"]
[EventType "team"]

1. e4 c5 2. Nf3 d6 3. d4 cxd4 4. Qxd4 Nc6 5. Bb5 Bd7 6. Bxc6 bxc6 7. c4 e5 8.
Qd3 Nf6 9. Nc3 Qc7 10. b3 Be7 11. O-O O-O 12. Bb2 Be6 13. Rac1 Nh5 14. c5 dxc5
15. Na4 c4 16. bxc4 Nf4 17. Qe3 f6 18. g3 Nh3+ 19. Kg2 Qa5 20. Nc3 Bc5 21. Qd2
Rfd8 22. Qc2 Bg4 23. Nh4 Ng5 24. Rfe1 Bh3+ 25. Kh1 Ne6 26. Nf5 g6 27. Ne3 Nd4
28. Qa4 Qc7 29. Ba3 Bxa3 30. Qxa3 Rd7 31. Red1 Rad8 32. Rb1 Kh8 33. Rd2 Nf3 34.
Rdb2 f5 35. Rb7 Qxb7 36. Rxb7 Rxb7 37. exf5 gxf5 38. Qc1 Rd2 39. Ncd1 Re2 40.
Ng2 Rd7 41. Nde3 Rxf2 42. Qa1 Rfd2 43. Qf1 Bxg2+ 44. Nxg2 Rd1 0-1

[Event "Online Olym Top DivC 2021"]
[Site "chess.com INT"]
[Date "2021.09.11"]
[Round "9.3"]
[Board "1"]
[White "Bluebaum, Matthias"]
[Black "Moroni, Luca Jr"]
[Result "0-1"]
[WhiteTitle "GM"]
[BlackTitle "GM"]
[WhiteElo "2639"]
[BlackElo "2566"]
[WhiteTeam "Germany"]
[BlackTeam "Italy"]
[WhiteFideId "24651516"]
[BlackFideId "865834"]
[EventDate "2021.09.09"]
[EventType "team"]

1. d4 d6 2. Nf3 g6 3. c4 Bg7 4. Nc3 Nc6 5. d5 Ne5 6. Nxe5 Bxe5 7. e4 Nf6 8. Bd3
O-O 9. O-O e6 10. h3 exd5 11. exd5 Nh5 12. Bh6 Nf4 13. Qf3 Qh4 14. Bxf8 Bxh3 15.
Be7 Qh6 16. g3 Bg2 17. Qxg2 Nxg2 18. Kxg2 Re8 19. f4 Bxc3 20. Bg5 Qg7 21. bxc3
h6 22. Bh4 g5 23. fxg5 hxg5 24. Rae1 Rxe1 25. Rxe1 Qxc3 26. Re3 Qd2+ 27. Kf3 g4+
28. Ke4 Qg2+ 29. Kf5 Qf2+ 30. Kxg4 Qxe3 31. Bf5 Qe2+ 32. Kg5 Kg7 33. g4 0-1

[Event "Online Olym Top DivC 2021"]
[Site "chess.com INT"]
[Date "2021.09.11"]
[Round "9.3"]
[Board "2"]
[White "Basso, Pier Luigi"]
[Black "Donchenko, Alexander"]
[Result "0-1"]
[WhiteTitle "GM"]
[BlackTitle "GM"]
[WhiteElo "2553"]
[BlackElo "2641"]
[WhiteTeam "Italy"]
[BlackTeam "Germany"]
[WhiteFideId "866970"]
[BlackFideId "24603295"]
[EventDate "2021.09.09"]
[EventType "team"]

1. d4 Nf6 2. c4 e6 3. Nc3 Bb4 4. Qc2 b6 5. e4 c5 6. d5 Qe7 7. Ne2 exd5 8. exd5
d6 9. Bd2 O-O 10. O-O-O Ng4 11. Be1 Nd7 12. h3 Nge5 13. Ng3 Nf6 14. f4 Ng6 15.
Bd2 a6 16. Re1 Qd8 17. Bd3 b5 18. cxb5 axb5 19. Bxb5 Bxc3 20. bxc3 Qa5 21. a4 c4
22. Ne4 Nxd5 23. Nxd6 Ndxf4 24. Nxc4 Qc7 25. h4 Ba6 26. Bxa6 Rxa6 27. Re4 Rd8
28. Bxf4 Nxf4 29. Rd1 Ne6 30. Rxd8+ Qxd8 31. a5 h6 32. Qd1 Qc7 33. Qd3 Rc6 34.
g3 Qb8 35. Qb1 Qxg3 36. Kb2 Rc8 37. Qe1 Qxe1 38. Rxe1 Rxc4 39. Kb3 Rc8 40. Kb4
Rb8+ 41. Kc4 Kf8 42. a6 Ke7 43. a7 Ra8 44. Ra1 Kd6 45. Kb5 Kc7 46. Ka6 Nc5+ 47.
Kb5 Ne4 48. Re1 Nd6+ 49. Kc5 Nc8 50. Rf1 Rxa7 51. Rxf7+ Kd8 52. Rf8+ Kd7 53. c4
Rc7+ 54. Kd4 Nd6 55. c5 Nb7 56. h5 Nxc5 57. Rf7+ Kd6 0-1

[Event "Online Olym Top DivC 2021"]
[Site "chess.com INT"]
[Date "2021.09.11"]
[Round "9.3"]
[Board "3"]
[White "Papp, Sarah"]
[Black "Sedina, Elena"]
[Result "1-0"]
[WhiteTitle "WGM"]
[BlackTitle "IM"]
[WhiteElo "2315"]
[BlackElo "2259"]
[WhiteTeam "Germany"]
[BlackTeam "Italy"]
[WhiteFideId "24606812"]
[BlackFideId "812153"]
[EventDate "2021.09.09"]
[EventType "team"]

1. e4 e6 2. d4 d5 3. e5 c5 4. c3 Nc6 5. Nf3 Bd7 6. Be2 Nge7 7. O-O Nf5 8. dxc5
Bxc5 9. Nbd2 O-O 10. Nb3 Bb6 11. Bd3 a5 12. Bxf5 exf5 13. Qxd5 Be6 14. Qxd8
Rfxd8 15. Be3 Bxe3 16. fxe3 Rd5 17. Rad1 Rad8 18. Rxd5 Rxd5 19. c4 Rd3 20. Nc5
Rxe3 21. Kf2 f4 22. Nxb7 Bxc4 23. Rc1 Re2+ 24. Kg1 Bd5 25. Nxa5 Ne7 26. Nc4 h6
27. a4 Nf5 28. a5 Bxc4 29. Rxc4 Rxb2 30. Ra4 Ne3 31. a6 Rxg2+ 32. Kh1 Rc2 33. a7
Rc1+ 34. Ng1 Ng4 35. a8=Q+ Kh7 36. Qe4+ g6 37. Qxf4 1-0

[Event "Online Olym Top DivC 2021"]
[Site "chess.com INT"]
[Date "2021.09.11"]
[Round "9.3"]
[Board "4"]
[White "Movileanu, Daniela"]
[Black "Heinemann, Josefine"]
[Result "0-1"]
[WhiteTitle "WIM"]
[BlackTitle "WGM"]
[WhiteElo "2239"]
[BlackElo "2292"]
[WhiteTeam "Italy"]
[BlackTeam "Germany"]
[WhiteFideId "873349"]
[BlackFideId "12900460"]
[EventDate "2021.09.09"]
[EventType "team"]

1. e4 c5 2. Nf3 d6 3. d4 cxd4 4. Nxd4 Nf6 5. Nc3 a6 6. Be3 e5 7. Nb3 Be6 8. h3
h5 9. f4 exf4 10. Bxf4 Nc6 11. Qe2 Qc7 12. O-O-O Ne5 13. Nd4 O-O-O 14. Qe3 Be7
15. Be2 Kb8 16. Nb3 Rc8 17. Rd2 Nfd7 18. Kb1 Nb6 19. Nd5 Bxd5 20. exd5 Nbc4 21.
Qd4 Nxd2+ 22. Qxd2 Bf6 23. Rc1 Nd7 24. c4 Be5 25. c5 Bxf4 26. Qxf4 Nxc5 27. Nxc5
dxc5 28. d6 Qd7 29. g4 Rc6 30. Rd1 Rd8 31. gxh5 Rxd6 32. Rc1 Qc7 33. Qg5 f6 34.
Qxc5 Qxc5 35. Rxc5 Rd2 36. Bg4 Rf2 37. Rc2 Rxc2 38. Kxc2 Kc7 39. Kc3 a5 40. a4
b6 41. b4 axb4+ 42. Kxb4 Rd5 43. Kc4 Kd6 44. Bf3 Ra5 45. Kb4 Ke5 0-1

[Event "Online Olym Top DivC 2021"]
[Site "chess.com INT"]
[Date "2021.09.11"]
[Round "9.3"]
[Board "6"]
[White "Grimaldi, Angela Flavia"]
[Black "Schulze, Lara"]
[Result "0-1"]
[WhiteTitle "WFM"]
[BlackTitle "FM"]
[WhiteElo "2078"]
[BlackElo "2252"]
[WhiteTeam "Italy"]
[BlackTeam "Germany"]
[WhiteFideId "2805214"]
[BlackFideId "12956830"]
[EventDate "2021.09.09"]
[EventType "team"]

1. e4 c5 2. Nf3 d6 3. Bb5+ Nd7 4. c3 Nf6 5. Qe2 a6 6. Ba4 b5 7. Bc2 Bb7 8. d4 e6
9. O-O Be7 10. Bf4 O-O 11. Nbd2 Rc8 12. Rac1 Re8 13. Rfd1 Qc7 14. Bg5 h6 15. Bh4
e5 16. d5 c4 17. h3 Nc5 18. b4 cxb3 19. axb3 Nh5 20. Bxe7 Qxe7 21. g3 g6 22. b4
Nd7 23. Bd3 Nb6 24. c4 bxc4 25. Nxc4 Nxc4 26. Bxc4 Ra8 27. Ra1 Bc8 28. Kh2 Qd7
29. Qf1 f5 30. exf5 Qxf5 31. Nh4 Qf6 32. Bxa6 Bxa6 33. Rxa6 Rxa6 34. Qxa6 Qxf2+
35. Ng2 Qxg3+ 36. Kg1 Nf4 37. Rd2 Nxh3+ 38. Kh1 Rf8 39. Qd3 Qxd3 40. Rxd3 Nf2+ 0-1

[Event "Online Olym Top DivC 2021"]
[Site "chess.com INT"]
[Date "2021.09.11"]
[Round "9.4"]
[Board "1"]
[White "Mica, Marek"]
[Black "Peralta, Fernando"]
[Result "0-1"]
[WhiteTitle "FM"]
[BlackTitle "GM"]
[WhiteElo "2304"]
[BlackElo "2570"]
[WhiteTeam "Czech Republic"]
[BlackTeam "Argentina"]
[WhiteFideId "382884"]
[BlackFideId "105309"]
[EventDate "2021.09.09"]
[EventType "team"]

1. c4 e6 2. Nf3 Nf6 3. g3 b6 4. Bg2 Bb7 5. O-O Be7 6. d4 O-O 7. Nc3 Ne4 8. Bd2
Bf6 9. Rc1 Nxd2 10. Qxd2 d6 11. e4 Nd7 12. Rfd1 g6 13. b4 Bg7 14. c5 Qe7 15.
cxd6 cxd6 16. d5 e5 17. Nb5 a6 18. Na3 Nf6 19. Qe3 b5 20. Nd2 Bc8 21. Nb3 Bd7
22. Nb1 Ng4 23. Qe2 Rfc8 24. h3 Nf6 25. N1d2 Bh6 26. Qf1 Qd8 27. Rxc8 Rxc8 28.
Rc1 Rc7 29. Rxc7 Qxc7 30. Qd3 Bg5 31. Nf3 Bh6 32. Bf1 Be8 33. Nh2 Nd7 34. Ng4
Bg7 35. Ne3 Nb6 36. Qc2 Qxc2 37. Nxc2 f5 38. Bd3 fxe4 39. Bxe4 Bf7 40. Ne3 Bh6
41. Ng4 Bg7 42. Ne3 h5 43. Na5 Kf8 44. Nc6 Bh6 45. Nb8 Bxe3 46. fxe3 Nxd5 47.
Nxa6 Nc3 48. Bc6 Bxa2 49. Nc7 Bc4 50. Kf2 Ke7 51. Ke1 d5 52. Na6 Kd6 53. Be8 Ne4
54. Bxg6 Nxg3 55. Kd1 h4 56. Kd2 Bf1 57. Be8 Bxh3 58. Bxb5 Bf5 59. Be2 h3 60.
Bf3 Be4 61. Ke1 Bxf3 62. Kf2 h2 0-1

[Event "Online Olym Top DivC 2021"]
[Site "chess.com INT"]
[Date "2021.09.11"]
[Round "9.4"]
[Board "2"]
[White "Felgaer, Ruben"]
[Black "Stalmach, Richard"]
[Result "1-0"]
[WhiteTitle "GM"]
[BlackTitle "FM"]
[WhiteElo "2572"]
[BlackElo "2333"]
[WhiteTeam "Argentina"]
[BlackTeam "Czech Republic"]
[WhiteFideId "107069"]
[BlackFideId "372048"]
[EventDate "2021.09.09"]
[EventType "team"]

1. e4 c5 2. Nf3 Nc6 3. Bb5 g6 4. O-O Bg7 5. Re1 Nf6 6. e5 Nd5 7. b3 O-O 8. Bb2
a6 9. Bxc6 dxc6 10. d3 Bf5 11. Nbd2 Qc7 12. Ne4 b6 13. Ng3 Bd7 14. h3 Rfd8 15.
Qd2 Qc8 16. c4 Nc7 17. Qg5 Re8 18. Qh4 Ne6 19. Ne4 Qc7 20. Rad1 Rad8 21. Qg3 Bh6
22. Bc1 Bg7 23. Bb2 Bh6 24. Qh4 Bg7 25. Neg5 Nxg5 26. Nxg5 h6 27. Nxf7 Kxf7 28.
e6+ Kg8 29. Bxg7 Kxg7 30. exd7 Rxd7 31. Re6 Rd4 32. Re4 Qd6 33. Rde1 Rxe4 34.
Qxe4 Qf6 35. g3 Kf7 36. Re3 Kg7 37. Kg2 a5 38. Qe6 h5 39. Qd7 Kf7 40. Rf3 1-0

[Event "Online Olym Top DivC 2021"]
[Site "chess.com INT"]
[Date "2021.09.11"]
[Round "9.4"]
[Board "3"]
[White "Lhotska, Anna"]
[Black "Lujan, Carolina"]
[Result "0-1"]
[BlackTitle "IM"]
[WhiteElo "1988"]
[BlackElo "2340"]
[WhiteTeam "Czech Republic"]
[BlackTeam "Argentina"]
[WhiteFideId "376183"]
[BlackFideId "109878"]
[EventDate "2021.09.09"]
[EventType "team"]

1. e4 c5 2. Nf3 Nc6 3. d4 cxd4 4. Nxd4 Nf6 5. Nc3 e5 6. Ndb5 d6 7. Bg5 a6 8. Na3
b5 9. Nd5 Be7 10. Bxf6 Bxf6 11. c3 O-O 12. Nc2 Bg5 13. a4 bxa4 14. Rxa4 a5 15.
Bc4 Rb8 16. b4 Bd7 17. O-O Nxb4 18. Ra3 Nxd5 19. Bxd5 Qb6 20. Qa1 Bd8 21. Ne3
Qc5 22. Rd1 Bb6 23. Qa2 Bb5 24. h3 g6 25. Bc4 Bc6 26. Bd5 Bd7 27. Nc4 Bc7 28.
Rd3 Kg7 29. Nxa5 f5 30. Nb3 Qb6 31. Ra6 Qb5 32. c4 Qb4 33. Nd2 Bb6 34. Rb3 Qc5
35. Qb2 Qxf2+ 36. Kh2 Qg1+ 37. Kg3 Bf2+ 38. Kf3 fxe4+ 39. Ke2 Rxb3 40. Nxb3 Qe1# 0-1

[Event "Online Olym Top DivC 2021"]
[Site "chess.com INT"]
[Date "2021.09.11"]
[Round "9.4"]
[Board "4"]
[White "Fernandez, Maria Florencia"]
[Black "Pribylova, Sofie"]
[Result "1-0"]
[WhiteTitle "WIM"]
[BlackTitle "WFM"]
[WhiteElo "2229"]
[BlackElo "1983"]
[WhiteTeam "Argentina"]
[BlackTeam "Czech Republic"]
[WhiteFideId "116459"]
[BlackFideId "371726"]
[EventDate "2021.09.09"]
[EventType "team"]

1. d4 Nf6 2. c4 c5 3. d5 b5 4. cxb5 a6 5. bxa6 d6 6. Nc3 Bxa6 7. e4 Bxf1 8. Kxf1
g6 9. Nf3 Bg7 10. g3 O-O 11. Kg2 Nbd7 12. a4 Ra6 13. Qc2 Qa8 14. Re1 Rc8 15. Ra3
Nb6 16. b3 e6 17. dxe6 fxe6 18. Kg1 d5 19. exd5 exd5 20. Ng5 d4 21. Nb5 Qd5 22.
Ne6 Qd7 23. Nxg7 Kxg7 24. Bg5 Nfd5 25. Raa1 h6 26. Bd2 Raa8 27. Qc1 h5 28. Bg5
Kg8 29. Qc2 Qf5 30. Qxf5 gxf5 31. Nd6 Rf8 32. Rac1 Nd7 33. Nc4 f4 34. gxf4 Nxf4
35. Bxf4 Rxf4 36. Re7 Nf6 37. Re5 Ng4 38. Rg5+ Kf8 39. Rxh5 Nxf2 40. Rh8+ Kg7
41. Rxa8 Nh3+ 42. Kg2 Ng5 43. Rf1 Re4 44. Ra7+ Kg6 45. Rc7 d3 46. Rxc5 Re2+ 47.
Kg1 Nh3+ 48. Kh1 Nf2+ 49. Rxf2 Rxf2 50. Rd5 d2 51. Rxd2 1-0

[Event "Online Olym Top DivC 2021"]
[Site "chess.com INT"]
[Date "2021.09.11"]
[Round "9.4"]
[Board "5"]
[White "Kusa, Jakub"]
[Black "Kapitanchuk, Tomas"]
[Result "1-0"]
[WhiteTitle "FM"]
[BlackTitle "FM"]
[WhiteElo "2306"]
[BlackElo "2346"]
[WhiteTeam "Czech Republic"]
[BlackTeam "Argentina"]
[WhiteFideId "395595"]
[BlackFideId "135046"]
[EventDate "2021.09.09"]
[EventType "team"]

1. e4 c5 2. Nf3 e6 3. g3 Nc6 4. Bg2 Nf6 5. Qe2 d6 6. O-O Be7 7. e5 dxe5 8. Nxe5
Nd4 9. Qd1 O-O 10. d3 Bd6 11. Nc4 Bc7 12. Nc3 Rb8 13. a4 b6 14. Re1 Bb7 15. Be3
Bxg2 16. Kxg2 Nc6 17. Nb5 Nd5 18. Nxc7 Qxc7 19. Qf3 Rbd8 20. c3 e5 21. Rad1 f5
22. Bc1 a6 23. Re2 b5 24. axb5 axb5 25. Ne3 e4 26. dxe4 fxe4 27. Qg4 Qf7 28.
Nxd5 Qf3+ 29. Kh3 Rd6 30. Ne7+ Nxe7 31. Rxd6 Qh1 32. Qe6+ Kh8 33. Qxe7 Qf1+ 34.
Kh4 Rg8 35. Qxe4 Qxc1 36. Rdd2 Qf1 37. f4 h6 38. Kg4 Rf8 39. Qg6 Kg8 40. Re8 h5+
41. Qxh5 1-0

[Event "Online Olym Top DivC 2021"]
[Site "chess.com INT"]
[Date "2021.09.11"]
[Round "9.4"]
[Board "6"]
[White "Francisco Guecamburu, Candela Be"]
[Black "Trasakova, Adela"]
[Result "1-0"]
[WhiteTitle "WFM"]
[WhiteElo "2034"]
[BlackElo "1923"]
[WhiteTeam "Argentina"]
[BlackTeam "Czech Republic"]
[WhiteFideId "160911"]
[BlackFideId "398306"]
[EventDate "2021.09.09"]
[EventType "team"]

1. e4 c6 2. d4 d5 3. e5 c5 4. dxc5 e6 5. Nf3 Bxc5 6. a3 Nc6 7. b4 Bb6 8. Bb2
Nge7 9. Bd3 Ng6 10. Bxg6 hxg6 11. Nbd2 Bd7 12. c4 Ne7 13. Qb3 a5 14. O-O axb4
15. axb4 Rxa1 16. Rxa1 O-O 17. c5 Bc7 18. b5 Qb8 19. Re1 Rc8 20. b6 Bd8 21. Bd4
Nf5 22. Qb4 Be7 23. Nb3 Rc6 24. g4 Nxd4 25. Nfxd4 Rc8 26. f4 Re8 27. Nb5 Bxb5
28. Qxb5 Qc8 29. g5 f5 30. Rc1 Qc6 31. Qxc6 bxc6 32. Ra1 Rb8 33. Ra7 Bf8 34. Rc7
d4 35. Rxc6 d3 36. Kf2 Rd8 37. Ke3 Kh7 38. Rxe6 Bxc5+ 39. Kd2 Bb4+ 40. Kd1 d2
41. b7 Rb8 42. Rb6 Kg8 43. Rxb4 1-0

[Event "Online Olym Top DivC 2021"]
[Site "chess.com INT"]
[Date "2021.09.11"]
[Round "9.5"]
[Board "1"]
[White "Benitez Galeano, Alejandro"]
[Black "Smirin, Ilia"]
[Result "0-1"]
[WhiteTitle "FM"]
[BlackTitle "GM"]
[WhiteElo "2201"]
[BlackElo "2616"]
[WhiteTeam "Paraguay"]
[BlackTeam "Israel"]
[WhiteFideId "3703568"]
[BlackFideId "2801990"]
[EventDate "2021.09.09"]
[EventType "team"]

1. Nf3 Nf6 2. c4 g6 3. g3 Bg7 4. Bg2 O-O 5. O-O d6 6. Nc3 Nc6 7. Rb1 e5 8. d3 h6
9. b4 Be6 10. b5 Ne7 11. Ba3 Qd7 12. c5 Ned5 13. Na4 e4 14. Nd4 Bh3 15. dxe4
Bxg2 16. Kxg2 Nxe4 17. c6 bxc6 18. bxc6 Qg4 19. e3 Qxd1 20. Rbxd1 Nb6 21. Nb2
Rab8 22. Rd3 Nc5 23. Rd2 Ne4 24. Rd3 Nd5 25. Rc1 Nb4 26. Bxb4 Rxb4 27. Nc4 Ra4
28. Ra3 Rxa3 29. Nxa3 Rb8 30. Rc2 Bxd4 31. exd4 d5 32. f3 Nd6 33. Kf2 Rb4 34.
Rc5 Rxd4 35. Ra5 Rd2+ 36. Ke1 Rxh2 0-1

[Event "Online Olym Top DivC 2021"]
[Site "chess.com INT"]
[Date "2021.09.11"]
[Round "9.5"]
[Board "2"]
[White "Roiz, Michael"]
[Black "Heinechen, Juan"]
[Result "1-0"]
[WhiteTitle "GM"]
[WhiteElo "2580"]
[BlackElo "2146"]
[WhiteTeam "Israel"]
[BlackTeam "Paraguay"]
[WhiteFideId "2804158"]
[BlackFideId "3701018"]
[EventDate "2021.09.09"]
[EventType "team"]

1. Nf3 d5 2. g3 Nf6 3. Bg2 e6 4. c4 Be7 5. b3 O-O 6. Bb2 b6 7. O-O Bb7 8. cxd5
Bxd5 9. Nc3 Bb7 10. d4 Nbd7 11. Re1 c5 12. e4 cxd4 13. Nxd4 Bc5 14. Na4 Bb4 15.
Bc3 Bxc3 16. Nxc3 a6 17. e5 Bxg2 18. Kxg2 Ne8 19. f4 b5 20. Qf3 Nb6 21. Red1 Qe7
22. Nc6 Qb7 23. Nd4 Qxf3+ 24. Kxf3 Nc7 25. Rac1 Ncd5 26. Ne4 Rfc8 27. Nd6 Rxc1
28. Rxc1 g6 29. Rc6 Ra7 30. a4 bxa4 31. bxa4 Rc7 32. a5 Rxc6 33. Nxc6 Nd7 34.
Nd8 Nc5 35. N6xf7 Nb3 36. Nd6 Nxa5 37. Nxe6 Nb3 38. Ke4 Nb4 39. Nc7 a5 40. e6
Kf8 41. g4 a4 42. f5 gxf5+ 43. gxf5 a3 44. f6 Nc5+ 45. Kf5 Nc6 46. Nc8 Nd4+ 47.
Ke5 Ndxe6 48. Nxe6+ Nxe6 49. Kxe6 a2 50. Nb6 a1=Q 51. Nd7+ Kg8 52. f7+ Kg7 53.
f8=Q+ Kg6 54. Qf5+ Kh6 55. Qf6+ Qxf6+ 56. Kxf6 Kh5 57. Ne5 Kh4 58. Kf5 Kh3 59.
Nf3 h6 60. Kg6 Kg4 61. Kxh6 Kxf3 62. Kg5 Ke4 63. h4 Ke5 64. h5 Ke6 65. Kg6 Ke7
66. h6 Kf8 67. h7 1-0

[Event "Online Olym Top DivC 2021"]
[Site "chess.com INT"]
[Date "2021.09.11"]
[Round "9.5"]
[Board "3"]
[White "Perez Rodriguez, Jennifer"]
[Black "Klinova, Masha"]
[Result "0-1"]
[WhiteTitle "WIM"]
[BlackTitle "IM"]
[WhiteElo "2251"]
[BlackElo "2263"]
[WhiteTeam "Paraguay"]
[BlackTeam "Israel"]
[WhiteFideId "3507831"]
[BlackFideId "2802015"]
[EventDate "2021.09.09"]
[EventType "team"]

1. e4 d6 2. d4 Nf6 3. Nc3 g6 4. Be3 a6 5. a4 Bg7 6. f3 Nc6 7. Bc4 e5 8. Nge2 O-O
9. O-O Bd7 10. Qd2 exd4 11. Nxd4 Re8 12. Nxc6 Bxc6 13. Rad1 Rb8 14. a5 Qe7 15.
Bd4 Rbd8 16. Rfe1 Nh5 17. Bxg7 Kxg7 18. Bd5 Qe5 19. Qd4 Qxd4+ 20. Rxd4 f5 21.
Red1 fxe4 22. Bxc6 bxc6 23. Nxe4 Rb8 24. b4 Nf4 25. Ng3 Nd5 26. c3 Nxc3 27. Rc1
Nb5 28. Rdc4 c5 29. bxc5 d5 30. Rb4 c6 31. Kf2 Rbd8 32. Rd1 Re7 33. Rd2 Rde8 34.
Ne2 h5 35. h4 Re3 36. Nd4 Nxd4 37. Rdxd4 Rc3 38. Rb6 Rxc5 39. Rxa6 Rc2+ 40. Kg3
Ree2 41. Kf4 Rxg2 42. Ra7+ Kf6 43. Rb4 Rh2 44. Ke3 Rc3+ 45. Kf4 Rxh4+ 0-1

[Event "Online Olym Top DivC 2021"]
[Site "chess.com INT"]
[Date "2021.09.11"]
[Round "9.5"]
[Board "4"]
[White "Gutmakher, Olga"]
[Black "Mayeregger Gonzalez, Renata"]
[Result "1-0"]
[WhiteTitle "WIM"]
[WhiteElo "2236"]
[BlackElo "1280"]
[WhiteTeam "Israel"]
[BlackTeam "Paraguay"]
[WhiteFideId "2807602"]
[BlackFideId "3708900"]
[EventDate "2021.09.09"]
[EventType "team"]

1. e4 d5 2. exd5 Nf6 3. d4 Nxd5 4. Nf3 Bg4 5. Be2 Nc6 6. O-O e6 7. h3 Bh5 8. c4
Nf6 9. Be3 Be7 10. a3 a5 11. Nc3 O-O 12. Qd2 Qd7 13. Rad1 Rad8 14. Rfe1 Bg6 15.
d5 exd5 16. Nxd5 Nxd5 17. cxd5 Nb8 18. Qxa5 b6 19. Qb5 Be4 20. Bf4 Bd6 21. Qxd7
Nxd7 22. Bxd6 cxd6 23. Bb5 Nf6 24. Bc6 Bf5 25. Nd4 Bd7 26. b4 Bxc6 27. dxc6 Ra8
28. Nb5 d5 29. c7 Rfc8 30. Re3 h6 31. Rc3 Ne4 32. Rc6 f5 33. Rxd5 Kh7 34. Rxf5
g6 35. Rf7+ Kg8 36. Re7 Re8 37. Rxe8+ Rxe8 38. c8=Q Rxc8 39. Rxc8+ Kf7 40. Rc6
Nf6 41. Rxb6 g5 42. a4 Kg6 43. a5 Kf5 44. a6 Ne4 45. a7 h5 46. a8=Q g4 47. Qd5+
Kf4 48. g3+ Kf3 49. Nd4# 1-0